000 00439cam a2200181ua 4500
020 _c48.00
041 _aeng
_h
082 _a005.133
_bFOX/PA
100 _aFox, David .
245 _aPASCAL primer /
_cDavid Fox.
_hTextual Documents
260 _aIndiana :
_bHoward W Sams and co. Inc. ,
_c1984.
300 _a206 ; .
365 _a48.00
504 _a
700 1 _aWante, Mitchell .
942 _cBK
999 _c9709
_d9709